How to Combat Corruption: Criminalisation Communalism Casteism (Record no. 224256)
[ view plain ]
| 000 -LEADER | |
|---|---|
| fixed length control field | 00655nam a22002177a 4500 |
| 005 - DATE AND TIME OF LATEST TRANSACTION | |
| control field | 20220728113205.0 |
| 008 - FIXED-LENGTH DATA ELEMENTS--GENERAL INFORMATION | |
| fixed length control field | 220728b ||||| |||| 00| 0 eng d |
| 040 ## - CATALOGING SOURCE | |
| Transcribing agency | AL |
| 041 ## - LANGUAGE CODE | |
| Language code of text/sound track or separate title | Engliah |
| 082 ## - DEWEY DECIMAL CLASSIFICATION NUMBER | |
| Edition number | 23 |
| Classification number | 303.62 |
| Item number | METH |
| 100 ## - MAIN ENTRY--PERSONAL NAME | |
| Personal name | Chimanbhai Metha |
| 100 ## - MAIN ENTRY--PERSONAL NAME | |
| 9 (RLIN) | 53766 |
| 245 ## - TITLE STATEMENT | |
| Title | How to Combat Corruption: Criminalisation Communalism Casteism |
| 260 ## - PUBLICATION, DISTRIBUTION, ETC. | |
| Place of publication, distribution, etc. | New Delhi |
| Name of publisher, distributor, etc. | National Campaign Against Corruption |
| Date of publication, distribution, etc. | 1995 |
| 300 ## - PHYSICAL DESCRIPTION | |
| Extent | 92 p. |
| Other physical details | PB |
| Dimensions | 21x13.5 cm. |
| 365 ## - TRADE PRICE | |
| Price type code | ₹50.00 |
| Price amount | ₹ |
| Currency code | ₹50.00 |
| 650 ## - SUBJECT ADDED ENTRY--TOPICAL TERM | |
| Topical term or geographic name entry element | communalism |
| 9 (RLIN) | 53767 |
| 650 ## - SUBJECT ADDED ENTRY--TOPICAL TERM | |
| Topical term or geographic name entry element | Casteism |
| 9 (RLIN) | 53768 |
| 650 ## - SUBJECT ADDED ENTRY--TOPICAL TERM | |
| Topical term or geographic name entry element | Criminalisation |
| 9 (RLIN) | 53769 |
| 700 ## - ADDED ENTRY--PERSONAL NAME | |
| Personal name | METHA (Chimanbhai) |
| 9 (RLIN) | 53770 |
| 942 ## - ADDED ENTRY ELEMENTS (KOHA) | |
| Source of classification or shelving scheme | Dewey Decimal Classification |
| Koha item type | George Fernandes Collections |
| Withdrawn status | Lost status | Source of classification or shelving scheme | Damaged status | Not for loan | Collection code | Home library | Current library | Date acquired | Total Checkouts | Full call number | Barcode | Date last seen | Price effective from | Koha item type |
|---|---|---|---|---|---|---|---|---|---|---|---|---|---|---|
| Dewey Decimal Classification | Sociology | St Aloysius Library | St Aloysius Library | 03/23/2013 | 303.62 METH | GF01506 | 07/28/2022 | 07/28/2022 | George Fernandes Collections |